CEO & Employee Pay Discrepancy: How the Government's Policies Have Encouraged the Gap (Record no. 311282)
[ view plain ]
| 000 -LEADER | |
|---|---|
| fixed length control field | 00443nam a2200133Ia 4500 |
| 008 - FIXED-LENGTH DATA ELEMENTS--GENERAL INFORMATION | |
| fixed length control field | 170221s9999 xx 000 0 und d |
| 100 ## - MAIN ENTRY--PERSONAL NAME | |
| Personal name | Meals, David R. |
| 245 ## - TITLE STATEMENT | |
| Title | CEO & Employee Pay Discrepancy: How the Government's Policies Have Encouraged the Gap |
| 245 ## - TITLE STATEMENT | |
| Statement of responsibility, etc | David R. Meals |
| 260 ## - PUBLICATION, DISTRIBUTION, ETC. (IMPRINT) | |
| Date of publication, distribution, etc | 2012 |
| 300 ## - PHYSICAL DESCRIPTION | |
| Extent | 32 : 8 |
| 650 ## - SUBJECT ADDED ENTRY--TOPICAL TERM | |
| General subdivision | Business |
| 856 ## - ELECTRONIC LOCATION AND ACCESS | |
| Uniform Resource Identifier | <a href="http://digitalcommons.pepperdine.edu/cgi/viewcontent.cgi?article=1095&context=jbel">http://digitalcommons.pepperdine.edu/cgi/viewcontent.cgi?article=1095&context=jbel</a> |
| Withdrawn status | Lost status | Damaged status | Home library | Current library | Date acquired | Total Checkouts | Date last seen | Price effective from | Koha item type |
|---|---|---|---|---|---|---|---|---|---|
| College Library | College Library | 02/21/2017 | 02/21/2017 | 02/21/2017 | Foreign e-journal articles |